| 000 | 00655cam a2200181 a 4500 | ||
|---|---|---|---|
| 020 | _a080396014X | ||
| 040 | _cDLC | ||
| 082 | 0 | 0 | _a 371 COR 1992 A017 Or. |
| 245 | 0 | 0 |
_aKeys to the classroom : _ba teacher's guide to the first month of school / |
| 260 |
_aNewbury Park, Calif. : _bCorwin Press, _cc1992. |
||
| 300 |
_axii, 187 p. : _bill. ; _c28 cm. |
||
| 500 | _aEnglish and Spanish. | ||
| 650 | 0 | _aTeaching. | |
| 856 | 4 | 2 | _uhttp://www.loc.gov/catdir/enhancements/fy0655/91036935-d.html |
| 856 | 4 | 1 | _uhttp://www.loc.gov/catdir/enhancements/fy0655/91036935-t.html |
| 856 | 4 | 2 | _uhttp://www.loc.gov/catdir/enhancements/fy0808/91036935-b.html |
| 942 | _cEK | ||
| 999 |
_c11692 _d11692 |
||